Ο ρόλος του δασκάλου στη σύγχρονη πολυπολιτισμική και πολυγλωσσική τάξη : διπλωματική εργασία [μεταπτυχιακή εργασία]
Αποθηκεύτηκε σε:
| Κύριος συγγραφέας: | |
|---|---|
| Συγγραφή απο Οργανισμό/Αρχή: | |
| Άλλοι συγγραφείς: | |
| Μορφή: | Thesis Βιβλίο |
| Γλώσσα: | Greek |
| Δημοσίευση: |
2011
|
| Θέματα: | |
| Διαθέσιμο Online: | http://hdl.handle.net/11610/16238 |
| Ετικέτες: |
Προσθήκη ετικέτας
Δεν υπάρχουν, Καταχωρήστε ετικέτα πρώτοι!
|
MARC
| LEADER | 00000cam a2200000 i 4500 | ||
|---|---|---|---|
| 001 | 1/14358 | ||
| 008 | 110725s gre d | ||
| 035 | |l 10110548 | ||
| 040 | |a GR-MY-UA |b gre |e aacr | ||
| 041 | 0 | |a gre | |
| 082 | 0 | |a 370.117 |2 (22) | |
| 100 | 1 | |a Γεωργίου, Έλενα. | |
| 245 | 1 | 2 | |a Ο ρόλος του δασκάλου στη σύγχρονη πολυπολιτισμική και πολυγλωσσική τάξη : |b διπλωματική εργασία [μεταπτυχιακή εργασία] / |c Γεωργίου Έλενα ; επιβλέπουσα: Κούρτη-Καζούλη Βασιλεία |
| 260 | |c 2011 | ||
| 300 | |a 143 σ.; |b πιν.; |c 30 εκ. | ||
| 500 | |a Μέλη εξεταστικής επιτροπής: Σκούρτου Ελένη, Αθανασιάδης Ηλίας | ||
| 502 | # | # | |a Διατριβή (μεταπτυχιακή) – Πανεπιστήμιο Αιγαίου, Ρόδος, 2011. |
| 504 | |a Βιβλιογραφία: σ. 123-136 | ||
| 650 | 0 | 0 | |a Multicultural education. |
| 650 | 0 | 0 | |a Multicultural education |x Activity programs. |
| 650 | 0 | 0 | |a Teachers |x Attitudes. |
| 650 | 0 | 0 | |a Teachers |z Greece |x Attitudes. |
| 650 | 0 | 0 | |a Dissertations, Academic |z Greece. |
| 700 | 1 | |a Κούρτη-Καζούλλη, Βασιλεία. |4 ths | |
| 710 | 2 | |a Πανεπιστήμιο Αιγαίου |b Σχολή Ανθρωπιστικών Επιστημών |b Παιδαγωγικό Τμήμα Δημοτικής Εκπαίδευσης |b Πρόγραμμα Μεταπτυχιακών Σπουδών Επιστήμες της Αγωγής - Εκπαίδευση με τη Χρήση Νέων Τεχνολογιών. | |
| 852 | |a INST |b RHODES |c DIATR |e 20110725 |h 370.117 ΓΕΩ |p 005400033320 |q 005400033320 |t MTXE |y 23 | ||
| 852 | |a INST |b RHODES |c DIATR |e 20110725 |h 370.117 ΓΕΩ |p 005400033411 |q 005400033411 |t MTXE |y 23 | ||
| 856 | |u http://hdl.handle.net/11610/16238 | ||
| 901 | |a BIBL4-2011-2 | ||
| 909 | |a Ρ |b 163814 | ||
| 909 | |a Ρ |b 163815 | ||
| 924 | |a ΓΕΩΡΓΙΟΥ |b ΕΛΕΝΑ |y ΡΟΔΟΣ |z 2011-07 | ||
| 970 | |z 2010/05/ | ||